Rôles Ryan Gosling - Statistiques

Statistiques générales
  • Ce quiz a été pris 65 fois
  • Le résultat moyen est 7 sur 11
Statistiques - réponses
Par images Réponse % Correct
Barbie
100%
La La Land
100%
Drive
92%
Blade Runner 2049
71%
Crazy Stupid, Love
61%
N'Oublie Jamais
53%
The Big Short
45%
The Fall Guy
45%
The Nice Guys
45%
The Place Beyond The Pines
40%
The Gray Man
26%
Aucun quiz correspondant
Distribution des résultats
% des personnes avec chaque résultat
Percentile par nombre de réponses
Votre historique - résultats
Vous n’avez pas pris ce quiz